000 01078nam a2200229 i 4500
001 43600
003 ES-MaACL
005 20230906160835.0
007 t|
008 030318s1961 sp ||||1| spa d
110 1 _aBarcelona.
_bComisión del Catastro Espeleológico de la Provincia.
_9168504
245 1 0 _aCatálogo espeleológico de la provincia de Barcelona.
260 _aBarcelona :
_bGrupo de Exploraciones Subterráneas del Club Montañés Barcelonés,
_c1961.
300 _a1 v. :
_bil. ;
_c24 cm.
500 _aPrecede al tít.: Comisión del Catastro Espeleológico de la Provincia de Barcelona.
505 8 _aI. Historia. Plan general. Características geoespeleologicas y bioespeleológicas de la provincia. Catalogo de la zona 2 (islotes calizos entre el Llobregat y el Tordera).- 95 p., map. pleg., grab.
650 4 _aEspeleología.
_9146279
650 4 _aExploraciones subterráneas-
_zBarcelona.
_9168505
710 2 _aClub Montañés Barcelonés Subterráneas.
_92867
852 _aES-MaACL
_jP-959-bis
_bR.52635
852 _aES-MaACL
_jC-30213
_bR.57953
999 _c43600
_d43600